WORK EXPERIENCE (Record no. 19909)

MARC details
000 -LEADER
fixed length control field 00232nam a22001217a 4500
003 - CONTROL NUMBER IDENTIFIER
control field SGT
082 ## - DEWEY DECIMAL CLASSIFICATION NUMBER
Item number SEN
100 ## - MAIN ENTRY--PERSONAL NAME
Personal name SENGAL,G.S.
245 ## - TITLE STATEMENT
Title WORK EXPERIENCE
260 ## - PUBLICATION, DISTRIBUTION, ETC. (IMPRINT)
Place of publication, distribution, etc DELHI
Name of publisher, distributor, etc APH
Year of Publication 2019
300 ## - PAGE DESCRIPTION
No. of Pages 180
942 ## - ADDED ENTRY ELEMENTS (KOHA)
Source of classification or shelving scheme Dewey Decimal Classification
Koha item type Books
Holdings
Withdrawn status Lost status Source of classification or shelving scheme Damaged status Not for loan Collection code Home library Current library Date acquired Cost, normal purchase price SGTU Bill Number Full call number Accession No. (Barcode) Date last seen Bill Date Koha item type
    Dewey Decimal Classification     EDUCATION SGT Engineering Library SGT Engineering Library 29/04/2020 150.00 SGTU 101 SEN ED4585 29/04/2020 29/04/2020 Books
    Dewey Decimal Classification     EDUCATION SGT Engineering Library SGT Engineering Library 29/04/2020 150.00 SGTU 101 SEN ED4586 29/04/2020 29/04/2020 Books